000 00301nam a22001337a 4500
008 171102b xxu||||| |||| 00| 0 eng d
020 _a9781426626449
041 _aeng
080 _23RD
_a339.138
100 _a60
101 _aMAR
245 _aESSENTIALS OF MARKETING
_cLASCU,D.N
942 _2udc
_cBK
999 _c37351
_d37351